000 00800nam a2200265Ia 4500
003 OSt
005 20221005035112.0
006 a|||||r|||| 00| 0
007 ta
008 221004b |||||||| |||| 00| 0 eng d
020 _c350
024 _a4019
037 _b8557, 25/03/2013, Bookwell Publications
_cTextual
040 _aCRL
_cCRL
_beng
041 _2eng
_aeng
082 _aO164,6N15x, 111P5
100 _aAhmed Nazir
_9587961
245 0 _aEssays on Persian literature
260 _aDelhi
_bIdarah i Adabiyat i Delli India
_c2005
300 _ax,313p.
_ccm.
490 _aIAD oriental series; 37
650 _aPERSIAN LITERATURE
_9309
942 _hO164,6N15x, 111P5
_cTEXL
_2cc
999 _c944584
_d944584